| 000 | 02290cim a2200553 a 4500 | ||
|---|---|---|---|
| 001 | 14871984 | ||
| 003 | NUST - PNEC | ||
| 005 | 20170116181119.0 | ||
| 007 | sd fsngnnmmneu | ||
| 008 | 070531s1999 nyunnn|j f | eng d | ||
| 010 | _a 2007576781 | ||
| 020 | _a0807281948 | ||
| 024 | 3 | _a9780807281949 | |
| 028 | 0 | 2 |
_aYA 137 CD _bListening Library |
| 035 | _a(OCoLC)ocm82770020 | ||
| 035 | _a(OCoLC)82770020 | ||
| 040 |
_aOCO _cLIBRARY _dDLC |
||
| 042 | _alccopycat | ||
| 050 | 0 | 0 | _aSDB 61664 |
| 082 | _a823.914 ROW | ||
| 100 | 1 | _aRowling, J. K. | |
| 245 | 1 | 0 |
_aHarry Potter and the chamber of secrets _h[sound recording] / _c[J.K. Rowling]. |
| 260 |
_aNew York : _bListening Library, _cp1999. |
||
| 300 |
_a8 sound discs (ca. 9 hr.) : _bdigital ; _c4 3/4 in. |
||
| 306 | _a090000 | ||
| 500 | _aUnabridged. | ||
| 500 | _aCompact discs. | ||
| 500 | _aSequel to: Harry Potter and the sorcerer's stone. | ||
| 500 | _aSequel: Harry Potter and the prisoner of Azkaban. | ||
| 500 | _aStatement of responsibility from container. | ||
| 511 | 0 | _aRead by Jim Dale. | |
| 520 | _aWhen the Chamber of Secrets is opened again at the HogwartsSchool for Witchcraft and Wizardry, second-year student Harry Potter finds himself in danger from a dark power that has once more been released on the school. | ||
| 583 |
_acat _boc _c20011001 _kkag _5UPB |
||
| 600 | 1 | 0 |
_aPotter, Harry _c(Fictitious character) _vJuvenile fiction. |
| 650 | 0 |
_aWizards _vJuvenile fiction. |
|
| 650 | 0 |
_aMagic _vJuvenile fiction. _xGeneral books |
|
| 650 | 0 |
_aSchools _vJuvenile fiction. |
|
| 650 | 0 |
_aGranger, Hermione (Fictitious character) _vJuvenile fiction. |
|
| 650 | 0 |
_aWeasley, Ron (Fictitious character) _vJuvenile fiction. |
|
| 650 | 0 |
_aHogwarts School of Witchcraft and Wizardry (Imaginary organization) _vJuvenile fiction. |
|
| 651 | 0 |
_aEngland _vJuvenile fiction. |
|
| 655 | 7 |
_aCompact discs. _2lcsh |
|
| 700 | 1 |
_aDale, Jim. _4nrt |
|
| 856 | 4 | 2 |
_3Contributor biographical information _uhttp://www.loc.gov/catdir/enhancements/fy0735/2007576781-b.html |
| 856 | 4 | 2 |
_3Publisher description _uhttp://www.loc.gov/catdir/enhancements/fy0735/2007576781-d.html |
| 906 |
_a7 _bcbc _ccopycat _d2 _encip _f20 _gy-genmusic |
||
| 942 |
_2ddc _cBK |
||
| 999 |
_c69476 _d69476 |
||